000 00816nam a2200265Ia 4500
003 OSt
005 20221005030926.0
006 a|||||r|||| 00| 0
007 ta
008 221004b |||||||| |||| 00| 0 eng d
020 _a9780674734784
_cINR 1799.00
024 _a34662
037 _b52363, 15/09/2017, Segment Book Distributors
_cTextual
040 _aCRL
_cCRL
_beng
041 _2eng
_aeng
082 _aR3xN03:g, Q6
100 _aGordon Peter E.
_9323825
245 0 _aAdorno and existence
260 _aCambridge
_bHarvard University Press USA
_c2016
300 _axiv,256p.
_ccm.
650 _a PHILOSOPHERS
650 _aADORNO, THEODOR W
_9582600
942 _hR3xN03:g, Q6
_cTEXL
_2cc
999 _c936942
_d936942